| 000 | 00404nam a2200169Ia 4500 | ||
|---|---|---|---|
| 999 |
_c31114 _d31114 |
||
| 003 | OSt | ||
| 005 | 20250617121129.0 | ||
| 008 | 250310s9999||||xx |||||||||||||| ||und|| | ||
| 020 | _a0 583 12228 0 | ||
| 040 | _c. | ||
| 082 |
_a823.91 _bK1943 |
||
| 100 |
_96000 _aKastle, Herbert |
||
| 245 | 0 |
_aLittle Love / _cHerbert Kastle |
|
| 260 |
_aLondon : _bGranada, _c1974. |
||
| 300 | _a352 p. | ||
| 942 |
_cBK _2ddc |
||